Derecho procesal civil salvadoreño I/ (Registro nro. 8209)

Detalles MARC
000 -LEADER
fixed length control field 01180nam a2200205Ia 4500
005 - FECHA Y HORA DE LA ÚLTIMA TRANSACCIÓN
control field 20230605143313.0
008 - FIXED-LENGTH DATA ELEMENTS--GENERAL INFORMATION
fixed length control field 230605s9999 xx 000 0 und d
020 ## - INTERNATIONAL STANDARD BOOK NUMBER
International Standard Book Number 9992377801
040 ## - CATALOGING SOURCE
Original cataloging agency UPAN
Transcribing agency Biblioteca San Vicente
Description conventions RCAA2
041 ## - LANGUAGE CODE
Language code of text/sound track or separate title spa
082 ## - DEWEY DECIMAL CLASSIFICATION NUMBER
Classification number 347
Item number C363d
100 ## - MAIN ENTRY--PERSONAL NAME
Personal name Canales Cisco, Oscar Antonio
Relator code aut.
245 #0 - TITLE STATEMENT
Title Derecho procesal civil salvadoreño I/
Remainder of title Oscar Antonio Canales Cisco
250 ## - EDITION STATEMENT
Edition statement 2ª ed.
260 ## - PUBLICATION, DISTRIBUTION, ETC. (IMPRINT)
Place of publication, distribution, etc El Salvador;
Name of publisher, distributor, etc UCA,
Date of publication, distribution, etc 2003
300 ## - PHYSICAL DESCRIPTION
Extent 321 p.:
Dimensions 24 cm.
505 ## - FORMATTED CONTENTS NOTE
Formatted contents note Parte I. Conceptos bàsicos<br/>Capitulo I. Principios del proceso civil salvadoreño<br/>Capitulo II. Sujetos procesales<br/>Capitulo III. Capacidad procesal, legitimación procesal y litisconsorcio civil<br/>Capitulo IV. Representación en general<br/>Capitulo V. Competencia civil<br/>Capitulo VI. Los actos procesales<br/>Capitulo VII. Actos previos a la demanda<br/>Parte II. Proceso civil en primera instancia<br/>Capitulo I. La demanda<br/>Capitulo II. Actos de comunicaciòn<br/>Capitulo III. Mecanismos del derecho de defensa<br/>Capitulo IV. Teoria general de las pruebas<br/>Capitulo V. Medios probatorios<br/>Capitulo VI. Medidas cautelares
650 ## - SUBJECT ADDED ENTRY--TOPICAL TERM
Source of heading or term LEMB
Topical term or geographic name as entry element Derecho civil
942 ## - ADDED ENTRY ELEMENTS (KOHA)
Koha item type Libros
Source of classification or shelving scheme Dewey Decimal Classification
Existencias
Withdrawn status Lost status Source of classification or shelving scheme Damaged status Not for loan Collection code Home library Current library Date acquired Total Checkouts Full call number Barcode Date last seen Copy number Price effective from Koha item type
    Dewey Decimal Classification     Colección General Biblioteca UPAN San Vicente Biblioteca UPAN San Vicente 05/06/2023   347 C363d 12000857 05/06/2023 01 05/06/2023 Libros
    Dewey Decimal Classification     Colección General Biblioteca UPAN San Vicente Biblioteca UPAN San Vicente 05/06/2023   347 C363d 12002459 05/06/2023 02 05/06/2023 Libros
    Dewey Decimal Classification     Colección General Biblioteca UPAN San Vicente Biblioteca UPAN San Vicente 05/06/2023   347 C363d 12002458 05/06/2023 03 05/06/2023 Libros
    Dewey Decimal Classification     Colección General Biblioteca UPAN San Vicente Biblioteca UPAN San Vicente 05/06/2023   347 C363d 12002457 05/06/2023 04 05/06/2023 Libros